000 02949nab a2200277 i 4500
003 BR-BrBNA
005 20250207120801.0
008 250207b2013 bl.qr|pooa||| 00| 0 por |
040 _aBR-BrBNA
_bpor
072 _aF70
072 _aK01
072 _aK10
100 _aBonadeu, Francismeire
100 _aSantos, João Ubiratan Moreira dos
245 _aContribuição ao conhecimento dos gêneros da tribo Ingeae ocorrentes em uma Floresta Nacional da Amazônia Brasileira
500 _aPublicação on-line; 48 ref.; 6 illus.; Summaries (En, Pt)
520 _a Resumo No trabalho apresenta-se tratamento taxonômico sobre as espécies dos gêneros Abarema Pittier, Calliandra Benth., Enterolobium Mart., Hydrochorea Barneby & J. W. Grimes, Macrosamanea Britton & Rose ex Britton & Killip e Zygia P. Brawne que ocorrem na Floresta Nacional de Caxiuanã, acompanhado de chave taxonômica, descrições, ilustrações e comentários morfológicos e taxonômicos, além de dados de distribuição geográfica e períodos de floração e frutificação das espécies estudadas. Abarema foi o gênero com maior riqueza de espécies (3 spp.), seguido por Zygia (2 spp.), sendo os demais gêneros representados por uma espécie cada. As espécies A. auriculata (Benth.) Barneby & J.W. Grimes, C. surinamensis Benth., H. corymbosa (Rich.) Barneby & J.W. Grimes, M. pubiramea (Steud.) Barneby & J.W. Grimes var. pubiramea e Z. latifolia var. lasiopus (Benth.) Barneby & J.W. Grimes são novas ocorrências para a área de estudo. Palavras-chave: Amazônia, Caxiuanã, Leguminosae, taxonomia. Abstract The study presents a taxonomic survey of Abarema Pittier, Calliandra Benth., Enterolobium Mart., Hydrochorea Barneby & J. W. Grimes, Macrosamanea Britton & Rose ex Britton & Killip and Zygia P. Brawne species from the Caxiuanã National Forest, followed by an identification key, descriptions, illustrations, comments on morphology and taxonomy, geographic distribution and periods of flowering and fruiting. Abarema was the most representative genus (3 spp.) followed by Zygia (2 spp.). The remaining genera had one species each. The species A. auriculata (Benth.) Barneby & J.W. Grimes, C. surinamensis Benth., H. corymbosa (Rich.) Barneby & J.W. Grimes, M. pubiramea (Steud.) Barneby & J.W. Grimes var. pubiramea and Z. latifolia var. lasiopus (Benth.) Barneby & J.W. Grimes are new records in the study area. Key words: Amazon, Caxiuanã, Leguminosae, taxonomy.
650 _aAMAZÔNIA
650 _aCAXIUANÃ
650 _aLEGUMINOSAE
650 _aTAXONOMIA
773 0 _0709
_9348215
_dRio de Janeiro-RJ Jardim Botanico do Rio de Janeiro 1935
_o2025-0704
_tRodriguésia (Brazil)
_x0370-6583; 2175-7860 on-line
_gv. 64(2) p. 321-336; (2013)
_wBR2024004089
856 _uhttps://www.scielo.br/j/rod/a/45HMWTGRmRmHwd8PgxqvtBf/?format=pdf&lang=pt
942 _cANA
999 _c329865
_d329865